| 000 | 00920nam a2200277 a 4500 | ||
|---|---|---|---|
| 001 | 363 | ||
| 003 | BR-CuiBMT | ||
| 005 | 20231101232904.0 | ||
| 008 | 231101s2017 mgb 000 0 por d | ||
| 020 | _a9788545002680 | ||
| 040 |
_aBR-CuiBMT _cBR-CuiBMT |
||
| 080 |
_22007 _a342.9 |
||
| 090 |
_a342.9 _bM929c |
||
| 100 | 1 | _aMourão, Licurgo | |
| 245 | 0 |
_aControle democrático da administração pública / _cLicurgo Mourão, Diogo Ribeiro Ferreira, Sílvia Motta Piancastelli ; prefácio, Jorge Ulisses Jacoby Fernandes. |
|
| 260 |
_aBelo Horizonte : _bFórum, _c2017. |
||
| 300 |
_a190 p.: _c22 cm |
||
| 504 | _aInclui biografia. | ||
| 650 | _aDireito administrativo | ||
| 650 | _aControle externo | ||
| 650 | _aAdministração pública | ||
| 650 | _aFiscalização financeira e orçamentária | ||
| 700 |
_aFerreira, Diogo Ribeiro _eautor. |
||
| 700 |
_aPiancastelli, Sílvia Motta _eautor. |
||
| 942 |
_2udc _cLV |
||
| 999 |
_c363 _d363 |
||